LEADER 01193nam a2200265 i 4500 001 000000246825 003 CaOOAMICUS 005 20220323141859.0 008 151126s1809 it u000 u lat u 013 $a225730 026 $ai-un eee- a.ti grra (7) 1808 (Q) 040 $aSeMil$bita 100 1 $aAnguissola, Giovanni Battista.$0(OLS)http://semarc/name/14696 245 10$aEphemerides sacrae anni christ. bissex. 1808. sanctorum gestis in epigrammata conlatis ditissimae. 260 $aPlacentiae :$bTypis Josephi Tedeschi,$c[1809] 300 $a439, [3] p. ;$c12°. 500 $aData presunta dal titolo. - Vignetta xilogr. sul front. 500 $aSegn.: A-P12 Q8 650 4$aEpigrafia latina.$0(OLS)http://semarc/subject/3720 700 1 $aTedeschi, Giuseppe,$c.$0(OLS)http://semarc/name/12964 850 $aSeMil 852 $aSeMil$W1$xVenegono$y1$m3J I 34 FA$j197171$B197171$CSeMilBibl$Z2$F208197 $8I 996 $6245$aEphemerides sacrae anni christ. bissex. 1808. sanctorum gestis in epigrammata conlatis ditissimae$9(OLS)http://semarc/title/348655 996 $6260$aPlacentiae :$bTypis Josephi Tedeschi$9(OLS)http://semarc/publisher/54919 LEADER 01192nam a2200265 4500 001 000000346113 003 CaOOAMICUS 005 20250131125543.0 008 210520s2007 xxu 000 u eng r 020 $a978-0-664-22775-3 040 $aSeMil$bita 100 1 $aHayes, John Haralson,$d<1934-2013>.$0(OLS)http://semarc/name/113912 245 10$aBiblical exegesis :$ba beginner's handbook /$cJohn H. Hayes, Carl R. Holladay. 250 $a3. Ed. 264 1$aLouisville ;$aLondon :$bWestminster John Knox Press,$c2007. 300 $axi, 236 p. ;$c23 cm 650 4$aEsegesi biblica.$0(OLS)http://semarc/subject/1980 650 4$aBibbia - Interpretazione.$0(OLS)http://semarc/subject/1295 700 1 $aHolladay, Carl R.,$d<1943- >.$0(OLS)http://semarc/name/113913 850 $aSeMil 852 $aSeMil$W1$xVenegono$y1$m2W IV 107$j270232$B237161$CSeMilBibl$Z2$F237161 $81 996 $6020$a978-0-664-22775-3$9(OLS)http://semarc/number/293261 996 $6245$aBiblical exegesis :$ba beginner's handbook$9(OLS)http://semarc/title/435321 996 $6264$aLouisville ;$aLondon :$bWestminster John Knox Press$9(OLS)http://semarc/publisher/59613